000 00573nam a2200229Ia 4500
003 OSt
005 20221005123848.0
006 a|||||r|||| 00| 0
007 ta
008 221004b |||||||| |||| 00| 0 tam d
024 _a49727
037 _cTextual
040 _aCRL
_cCRL
_btam
041 _2tam
_atam
082 _aO31,3N12,23, K4
100 _aMu Vradharajan Au.
_9634331
245 0 _aMan kudisai
260 _c1964
650 _aTAMIL FICTION
942 _hO31,3N12,23, K4
_cTEXL
_2cc
999 _c1048724
_d1048724